Miso Soup - Sudden Death - Statistics

General Stats
  • This quiz has been taken 51 times
  • The average score is 5 of 6
Answers on the Grid
Answers color-coded by a green-red scale on the quiz's grid according to % correct below.
Dashi
Miso paste
Honey
Fig
Milk
Tofu
Water
Ketchup
Coconut
Wakame
Plum
Scallion
 
Answer Stats
Answer % Correct
Miso paste
100%
Tofu
83%
Water
83%
Dashi
75%
Wakame
73%
Scallion
63%
No matching quizzes found
Score Distribution
Percent of People with Each Score
Percentile by Number Answered
Your Score History
You have not taken this quiz